Centrálna banka varuje pred krízou z preúverovania
Zadlženosť Slovákov rastie nadmerne rýchlo. Rastie obava, čo môže prehnané zadlžovanie znamenať pre domácnosti. Centrálna banka poukazuje na nebezpečenstvo možných kríz. Dôsledky nadmernej zadĺženosti Slovenska.
Enregistré dans:
| Auteur principal: | |
|---|---|
| Format: | Chapitre de livre |
| Langue: | slovaque |
| Sujets: | |
| Tags: |
Pas de tags, Soyez le premier à ajouter un tag!
|
MARC
| LEADER | 00000naa a2200000 4500 | ||
|---|---|---|---|
| 001 | 0238246 | ||
| 005 | 20221104112530.5 | ||
| 041 | 0 | |a slo | |
| 044 | |a SK | ||
| 245 | 1 | 0 | |a Centrálna banka varuje pred krízou z preúverovania |c Martina Kláseková |
| 520 | |a Zadlženosť Slovákov rastie nadmerne rýchlo. Rastie obava, čo môže prehnané zadlžovanie znamenať pre domácnosti. Centrálna banka poukazuje na nebezpečenstvo možných kríz. Dôsledky nadmernej zadĺženosti Slovenska. | ||
| 610 | 2 | 0 | |a Slovensko |
| 610 | 2 | 0 | |a banky centrálne |
| 610 | 2 | 0 | |a kríza finančná |
| 610 | 2 | 0 | |a dlhy |
| 610 | 2 | 0 | |a úver bankový |
| 100 | 1 | |a Kláseková, Martina | |